000 01207nam0a2200289 4500
001 RU\NLR\bibl\2034575
005 20250616215715.0
010 _a978-5-699-62741-7
_93000
021 _aRU
_b2013-29336
_9157д/13
035 _a(NLR Aleph) 002022159
090 _a4509802
_c4509802
100 _a20131026d2013 |||y0rusy50 ca
101 0 _arus
102 _aRU
105 _aa |||||||||
200 1 _aРазвиваем мелкую моторику
_e[развитие интеллекта, речевых навыков, памяти, внимания, восприятия, пластики у детей 3-6 лет]
_fТ.А. Ткаченко
_gрис. Евгении Нитылкиной
210 _aМосква
_cЭксмо
_d2013
215 _a79 с.
_cил., цв. ил.
_d22
225 1 _aАкадемия дошкольного развития
606 1 _aДошкольники
_xРазвитие мелкой моторики
_92421320
_3RU\NLR\AUTH\661441934
686 1 _aЧ411.354
700 1 _aТкаченко
_bТ.А.
_gТатьяна Александровна
_4070
801 0 _aRU
_bNLR
_c20130518
_gRCR
801 1 _aRU
_bNLR
_c20130518
942 _cBOOK
980 _aNB